000 00669cab a2200253 4500
001 A223
008 090401t1983 xxu||||| |||| 00| 0 eng d
035 _a(Sirsi) u27886
041 _aeng
100 _aBriggs, L. John
245 4 _aThe rental valuation of markets: a tender problem
260 _c1983
350 _a0
490 _aJournal of Valuation
_v1(3) 1983, 239-245(7)
650 _aMARKET STALLS
650 _aMARKETS
650 _aRENTAL VALUATION
650 _aTENDERED RENTS
650 _aVALUATION APPROACH
690 _aPROPERTY-COMMERCIAL PROPERTY-RETAIL PROPERTY
690 _aRATING AND VALUATION
942 _n0
948 _c04/03/1997
999 _c18797
_d18797